| Tag |
First Indicator |
Second Indicator |
Subfields |
| LEADER |
00000cam a2200000 i 4500 |
| 001 |
in00004635993 |
| 006 |
m o d |
| 007 |
cr ||||||||||| |
| 008 |
210922s2021 gau obt s001 0 eng d |
| 005 |
20230103223606.1 |
| 035 |
|
|
|a (OCoLC)on1268930973
|
| 040 |
|
|
|a GUA
|b eng
|e rda
|e pn
|c GUA
|d OCLCO
|d OCLCF
|d JSTOR
|d N$T
|d P@U
|d OCLCQ
|d OCLCO
|
| 020 |
|
|
|a 0820361062
|q (ebook)
|
| 020 |
|
|
|a 9780820361062
|q (electronic bk.)
|
| 020 |
|
|
|z 9780820361086
|q (hardcover)
|
| 020 |
|
|
|z 9780820361079
|q (paperback)
|
| 035 |
|
|
|a (OCoLC)1268930973
|
| 037 |
|
|
|a 22573/ctv21c1w9h
|b JSTOR
|
| 043 |
|
|
|a n-us-ga
|a n-us-sc
|
| 050 |
|
4 |
|a F289
|b .O3625 2021
|
| 072 |
|
7 |
|a HIS
|x 036120
|2 bisacsh
|
| 082 |
0 |
4 |
|a 975.8/02
|2 20
|
| 049 |
|
|
|a TXAM
|
| 100 |
1 |
|
|a Oglethorpe, James,
|d 1696-1785,
|e author.
|
| 245 |
1 |
4 |
|a The publications of James Edward Oglethorpe /
|c edited by Rodney M. Baine ; foreword by Phinizy Spalding ; with a new foreword by Eli Arnold.
|
| 264 |
|
1 |
|a Athens :
|b University of Georgia Press,
|c 2021.
|
| 300 |
|
|
|a 1 online resource (xxxi, 412 pages)
|
| 336 |
|
|
|a text
|b txt
|2 rdacontent
|
| 337 |
|
|
|a computer
|b c
|2 rdamedia
|
| 338 |
|
|
|a online resource
|b cr
|2 rdacarrier
|
| 504 |
|
|
|a Includes bibliographical references (pages 345-385) and index.
|
| 505 |
0 |
|
|a Foreword to the reissue -- Foreword by Phinizy Spalding -- Quisquis amissam (1714) -- A Duel Explained (1722) -- The Sailors Advocate (1728) -- A Preliminary Report on the Fleet Prison (1729) -- A Report from the Committee appointed to Enquire into the State of the Goals of this Kingdom: Relating to the Fleet Prison (1729) -- A Report from the Committee appointed to Enquire into the State of the Goals of this Kingdom: Relating to the Marshalsea Prison; and farther Relating to the Fleet Prison (1729) -- A Preliminary Report on the King's Bench Prison (1730) -- An Addendum to the Fleet Prison Report (1730) -- A Report from the Committee appointed to Enquire into the State of the Goals of this Kingdom. Relating to the King's Bench Prison (1730) -- An Appeal for the Georgia Colony (1732) -- Select Tracts Relating to Colonies (1732) -- A New and Accurate Account of the Provinces of South Carolina and Georgia (1732) -- A Description of the Indians in Georgia (1733) -- An Account of Carolina and Georgia (1739) -- An Account of the Negroe Insurrection in South Carolina (1740) -- A Thanksgiving for Victory (1742) -- The King's Bench Prison Revisited (1752) -- The Naked Truth (1755) -- Some Account of the Cherokees (1762) -- Shipping Problems in South Carolina (1762) -- Three Letters on Corsica (1768) -- The Adams Letters (1773-1774) -- The Faber Letters (1778) -- Three Letters Supporting Lord North (1782) -- Appendix 1: Spurious Attributions -- Appendix 2: Probable Attributions. A Refutation of Calumnies (1742). Praise for John Howard (1777).
|
| 536 |
|
|
|a The Georgia Open History Library has been made possible in part by a major grant from the National Endowment for the Humanities: Democracy demands wisdom. Any views, findings, conclusions, or recommendations expressed in this collection, do not necessarily represent those of the National Endowment for the Humanities.
|
| 588 |
0 |
|
|a Online resource; title from PDF title page (viewed July 15, 2021)
|
| 651 |
|
0 |
|a Georgia
|x History
|y Colonial period, ca. 1600-1775
|x Sources.
|
| 651 |
|
0 |
|a South Carolina
|x History
|y Colonial period, ca. 1600-1775
|x Sources.
|
| 651 |
|
6 |
|a Géorgie (État)
|x Histoire
|y ca 1600-1775 (Période coloniale)
|x Sources.
|
| 651 |
|
6 |
|a Caroline du Sud
|x Histoire
|y ca 1600-1775 (Période coloniale)
|x Sources.
|
| 650 |
|
7 |
|a HISTORY
|z United States
|x State & Local
|x South (AL, AR, FL, GA, KY, LA, MS, NC, SC, TN, VA, WV)
|2 bisacsh
|
| 651 |
|
7 |
|a Georgia.
|2 fast
|0 (OCoLC)fst01204622
|
| 651 |
|
7 |
|a South Carolina.
|2 fast
|0 (OCoLC)fst01204600
|
| 648 |
|
7 |
|a 1600-1775
|2 fast
|
| 655 |
|
7 |
|a Electronic books.
|2 local
|
| 655 |
|
7 |
|a History.
|2 fast
|0 (OCoLC)fst01411628
|
| 655 |
|
7 |
|a Sources.
|2 fast
|0 (OCoLC)fst01423900
|
| 700 |
1 |
|
|a Baine, Rodney M.,
|e editor.
|
| 700 |
1 |
|
|a Spalding, Phinizy,
|e writer of foreword.
|
| 700 |
1 |
|
|a Arnold, Eli,
|e writer of foreword.
|
| 710 |
2 |
|
|a JSTOR (Organization)
|
| 856 |
4 |
0 |
|u https://www.jstor.org/stable/10.2307/j.ctv21d62qs
|z Connect to the full text of this electronic book
|t 0
|
| 955 |
|
|
|a JSTOR Open Access ebooks
|
| 994 |
|
|
|a 92
|b TXA
|
| 999 |
f |
f |
|s a9197531-2e05-4945-b293-8a118bedccce
|i f4aaccaa-0eb9-4b3b-b5db-13fb1ecc5fb9
|t 0
|
| 952 |
f |
f |
|a Texas A&M University
|b College Station
|c Electronic Resources
|d Available Online
|t 0
|e F289 .O3625 2021
|h Library of Congress classification
|
| 998 |
f |
f |
|a F289 .O3625 2021
|t 0
|l Available Online
|